|
|
|
|
| LEADER |
00000nam0a2200000 4500 |
| 001 |
135155 |
| 005 |
20250513115124.0 |
| 035 |
|
|
|a (RuTPU)RU\TPU\book\146484
|
| 090 |
|
|
|a 135155
|
| 100 |
|
|
|a 20080408d1966 m y0rusy50 ca
|
| 101 |
0 |
|
|a rus
|
| 102 |
|
|
|a RU
|
| 105 |
|
|
|a a z 000zy
|
| 200 |
1 |
|
|a Как оценивать позицию в шашках
|f А. М. Сидлин
|
| 210 |
|
|
|a Москва
|c Физкультура и спорт
|d 1966
|
| 215 |
|
|
|a 64 с.
|c ил.
|
| 333 |
|
|
|a Исключено из фонда НТБ ТПУ
|
| 610 |
1 |
|
|a шашки
|
| 610 |
1 |
|
|a позиции
|
| 610 |
1 |
|
|a схемы
|
| 610 |
1 |
|
|a оценка позиций
|
| 610 |
1 |
|
|a значение полей
|
| 675 |
|
|
|a 794.2
|v 3
|
| 700 |
|
1 |
|a Сидлин
|b А. М.
|g Абрам Моисеевич
|
| 801 |
|
1 |
|a RU
|b 63413507
|c 20080408
|g PSBO
|
| 850 |
|
|
|a 63413507
|
| 942 |
|
|
|c BK
|